00878nam a22002417a 450000500170000001000130001702000260003003500130005603700160006904000120008508200170009710000260011424500820014026000320022227000450025430000250029950000520032465000370037665000470041394200260046099900190048695201310050520170124110131.0 aB-079284 c495.00a9788174362865 aB-079284 bCen Lib/Ret aDPLbEN a954.085bKAM aKarma, Sukeshi932196 aBearing witness :cby Sukeshi Karmabpartition, independence end of the Raj / aNew DelhibRoli Booksc2002 aM-75, G. K. II MarketbNew Delhie110048 axvi,414p. c22cm(Hb) aIncludes bibliographical references and index  aPartition of India (1947)932197 aIndia-Pakistan Conflict (1947-1949)932198 2ddccENh954.085mKAR c131590d131590 00104070aLbLd2015-07-15eCen Lib/Ret g495.00l0o954.085 KAMpB-079284r2015-07-15 00:00:00t1v495.00w2015-07-15yEN